000 00627nab a2200217 a 4500
001 69873
003 143817
005 20201118110715.0
008 ||||||n9999 ||| || ||
041 _aspa
100 _aMintzberg, Henry
245 0 _aPlanifique con la izquierda y administre con la derecha
260 _aMéxico :
_bHARVA,
_c1977.
562 _e0
650 _aADMINISTRACIÓN DE EMPRESAS
650 _aFORMULACION DE ESTRATEGIAS
650 _aPLANIFICACIÓN
650 _aPROCESOS ADMINISTRATIVOS
773 _053930
_aBiblioteca Harvard de Administración de Empresas - Vol.08 No.149
942 _cSART
999 _c69873
_d69873